[Event "Catalunya-chT Gp1"]
[Site "Barcelona"]
[Date "2018.03.03"]
[Round "7.7"]
[White "Feher, Adam"]
[Black "Garcia Castellote, Oscar"]
[Result "1/2-1/2"]
[WhiteElo "2387"]
[BlackElo "2075"]
[PlyCount "79"]
[EventDate "2018.01.20"]
[EventType "team-tourn"]
[EventRounds "7"]
[EventCountry "ESP"]
[SourceTitle "EXT 2019"]
[Source "ChessBase"]
[SourceDate "2018.10.10"]
[SourceVersion "1"]
[SourceVersionDate "2018.10.10"]
[SourceQuality "1"]
[WhiteTeam "Barcelona Escola Escacs"]
[BlackTeam "Peona I Peo"]
[WhiteTeamCountry "ESP"]
[BlackTeamCountry "ESP"]

1. e4 c5 2. Nf3 Nc6 3. d4 cxd4 4. Nxd4 g6 5. Nc3 Bg7 6. Be3 Nf6 7. Bc4 Qa5 8. 0-0 0-0 9. Nb3 Qc7 10. Be2 d6 11. f4 b6 12. Re1 Bb7 13. Bf3 Rac8 14. Qd2 Na5 15. Nxa5 bxa5 16. Qf2 Nd7 17. Rab1 Nc5 18. Nd5 Qd8 19. Bd4 Bxd5 20. exd5 Bxd4 21. Qxd4 Re8 22. Kh1 Qb6 23. c3 Rc7 24. Re2 Nd7 25. Qd2 a4 26. Rbe1 Nf6 27. g4 a3 28. b4 Kf8 29. g5 Ng8 30. f5 Rec8 31. fxg6 hxg6 32. Bg4 Rb8 33. Rf1 Kg7 34. Ref2 f6 35. gxf6+ Nxf6 36. Qg5 Qb5 37. Be6 Qd3 38. Rxf6 exf6 39. Qxf6+ Kh7 40. Qh4+ 1/2-1/2

[Event "Catalunya-chT Gp1"]
[Site "Barcelona"]
[Date "2017.02.18"]
[Round "5.10"]
[White "Parals Marce, Luis"]
[Black "Garcia Castellote, Oscar"]
[Result "1/2-1/2"]
[WhiteElo "2087"]
[BlackElo "2033"]
[PlyCount "148"]
[EventDate "2017.01.21"]
[EventType "team-tourn"]
[EventRounds "7"]
[EventCountry "ESP"]
[SourceTitle "EXT 2018"]
[Source "ChessBase"]
[SourceDate "2017.10.13"]
[SourceVersion "1"]
[SourceVersionDate "2017.10.13"]
[SourceQuality "1"]
[WhiteTeam "Figueres"]
[BlackTeam "Peona I Peo"]
[WhiteTeamCountry "ESP"]
[BlackTeamCountry "ESP"]

1. d4 Nf6 2. Bf4 g6 3. e3 Bg7 4. Nf3 0-0 5. Be2 d6 6. 0-0 b6 7. c3 Bb7 8. h3 Nbd7 9. a4 a6 10. Bh2 Re8 11. Qb3 Rb8 12. Rd1 Ne4 13. Nbd2 Nxd2 14. Rxd2 e5 15. Bc4 Qe7 16. Bd5 Bxd5 17. Qxd5 e4 18. Ne1 Nf6 19. Qc4 a5 20. Nc2 Rbc8 21. Qa6 Qd7 22. Qb5 Qxb5 23. axb5 Nd7 24. Ra4 Bf8 25. Rc4 h5 26. Rd1 Nf6 27. Ra1 Nd5 28. Kf1 f5 29. Rca4 h4 30. c4 Nf6 31. b4 axb4 32. Nxb4 g5 33. Ra7 Re7 34. Ra8 Ree8 35. Rxc8 Rxc8 36. Ra7 Kf7 37. Ke2 Ke6 38. d5+ Kd7 39. Nc6 Bh6 40. Nd4 f4 41. Nf5 Rh8 42. Nxh6 Rxh6 43. exf4 g4 44. Ra8 Rg6 45. Kf1 gxh3 46. gxh3 Ng8 47. Rf8 Ke7 48. Rf5 Nf6 49. Rg5 Rxg5 50. fxg5 Nd7 51. Ke2 Nc5 52. Bf4 Kf7 53. f3 Kg6 54. Be3 exf3+ 55. Kxf3 Nd3 56. Ke4 Ne5 57. c5 bxc5 58. Bxc5 Kxg5 59. Ba7 Nc4 60. Kd4 Na3 61. b6 cxb6 62. Bxb6 Kf4 63. Kc3 Ke5 64. Kb3 Nb5 65. Kb4 Nd4 66. Kc4 Nf5 67. Bc7 Ne3+ 68. Kd3 Nxd5 69. Bd8 Nf6 70. Bc7 Ke6 71. Kd4 d5 72. Bd8 Kf5 73. Be7 Ke6 74. Bd8 Kf5 1/2-1/2

[Event "Barcelona Sants op 16th"]
[Site "Barcelona"]
[Date "2014.08.29"]
[Round "8"]
[White "Sanchez Enriquez, Oscar Gerardo"]
[Black "Garcia Castellote, Oscar"]
[Result "1-0"]
[WhiteElo "2374"]
[BlackElo "2058"]
[PlyCount "77"]
[EventDate "2014.08.22"]
[EventType "swiss"]
[EventRounds "10"]
[EventCountry "ESP"]
[SourceTitle "CBM 162 Extra"]
[Source "ChessBase"]
[SourceDate "2014.10.17"]
[SourceVersion "1"]
[SourceVersionDate "2014.10.17"]
[SourceQuality "1"]

1. d4 Nf6 2. Nc3 d5 3. Bg5 g6 4. f3 c5 5. e4 dxe4 6. dxc5 Qa5 7. Qd2 Bg7 8. Nxe4 Qxd2+ 9. Nxd2 Nfd7 10. 0-0-0 Nxc5 11. Nb3 Nxb3+ 12. axb3 Nc6 13. Bb5 Bd7 14. Ne2 0-0-0 15. Rhe1 Rhe8 16. Nc3 Nd4 17. Bc4 Be6 18. Bxe6+ Nxe6 19. Rxd8+ Kxd8 20. Be3 Bxc3 21. bxc3 Kc7 22. Kb2 Rd8 23. c4 Kc6 24. Kc3 a6 25. Bf2 Rd7 26. g4 b6 27. h4 Nc5 28. Rh1 e6 29. h5 Rd8 30. Be3 Rd7 31. hxg6 hxg6 32. Rh8 f5 33. Rg8 fxg4 34. fxg4 Ne4+ 35. Kb2 g5 36. Rb8 Rb7 37. Re8 Kd6 38. Rd8+ Ke5 39. Rc8 1-0

[Event "Barcelona Sants op 16th"]
[Site "Barcelona"]
[Date "2014.08.23"]
[Round "2"]
[White "Lillo Castany, Victor"]
[Black "Garcia Castellote, Oscar"]
[Result "1-0"]
[WhiteElo "2319"]
[BlackElo "2058"]
[PlyCount "53"]
[EventDate "2014.08.22"]
[EventType "swiss"]
[EventRounds "10"]
[EventCountry "ESP"]
[SourceTitle "CBM 162 Extra"]
[Source "ChessBase"]
[SourceDate "2014.10.17"]
[SourceVersion "1"]
[SourceVersionDate "2014.10.17"]
[SourceQuality "1"]

1. e4 c5 2. Nf3 Nc6 3. Bb5 g6 4. Bxc6 dxc6 5. h3 Bg7 6. d3 Nf6 7. Nc3 0-0 8. Be3 b6 9. Qd2 e5 10. Bh6 Qd6 11. 0-0-0 a5 12. Nh2 b5 13. Ng4 Nh5 14. Bxg7 Kxg7 15. Kb1 f6 16. g3 Be6 17. Ne2 Bf7 18. Qe3 g5 19. Qf3 h6 20. Ne3 Qe6 21. Nf5+ Kg6 22. Nc1 Rad8 23. h4 Rh8 24. Rh2 Ng7 25. Rdh1 h5 26. g4 gxh4 27. Rxh4 1-0

[Event "La Pobla de Lillet op 24th"]
[Site "La Pobla de Lillet"]
[Date "2014.08.10"]
[Round "9"]
[White "Garcia Castellote, Oscar"]
[Black "Vargas Drechsler, Carlos"]
[Result "1-0"]
[WhiteElo "2058"]
[BlackElo "1814"]
[PlyCount "33"]
[EventDate "2014.08.02"]
[EventType "swiss"]
[EventRounds "9"]
[EventCountry "ESP"]
[SourceTitle "EXT 2017"]
[Source "ChessBase"]
[SourceDate "2016.10.25"]
[SourceVersion "1"]
[SourceVersionDate "2016.10.25"]
[SourceQuality "1"]

1. e4 e5 2. Nf3 Nc6 3. Bb5 a6 4. Ba4 Nf6 5. d3 b5 6. Bb3 Bc5 7. 0-0 d6 8. c3 Bg4 9. h3 Bd7 10. Nbd2 Qb8 11. Nh4 g5 12. Qf3 Ke7 13. Nf5+ Bxf5 14. exf5 h5 15. Qxc6 g4 16. Ne4 Nxe4 17. Qxe4 1-0

[Event "Foment Martinenc op-A 16th"]
[Site "Barcelona"]
[Date "2014.04.26"]
[Round "1"]
[White "Solis Calancha, Jordi"]
[Black "Garcia Castellote, Oscar"]
[Result "0-1"]
[WhiteElo "1603"]
[BlackElo "2071"]
[PlyCount "109"]
[EventDate "2014.04.26"]
[EventType "swiss"]
[EventRounds "9"]
[EventCountry "ESP"]
[SourceTitle "EXT 2015"]
[Source "ChessBase"]
[SourceDate "2014.11.20"]
[SourceVersion "1"]
[SourceVersionDate "2014.11.20"]
[SourceQuality "1"]

1. d4 Nf6 2. c4 g6 3. Nc3 Bg7 4. Bg5 d6 5. Nf3 0-0 6. e3 c5 7. Be2 Bf5 8. 0-0 Nbd7 9. Nh4 Ne4 10. Nxf5 gxf5 11. Nxe4 fxe4 12. f3 cxd4 13. exd4 Qb6 14. Bxe7 Rfe8 15. Bh4 Qxb2 16. Kh1 Qxd4 17. Qe1 Qxa1 18. Qg3 Qc3 19. Qf4 Qe5 20. Qd2 e3 21. Qd3 Qd4 22. Qf5 Qxh4 23. Qxd7 Qe7 24. Qf5 Qe5 25. Qd7 Re7 26. Qh3 Qe6 27. Qh5 Qe5 28. Qh3 h6 29. Rd1 Rae8 30. Kg1 Qe6 31. Qh5 Qg6 32. Qh3 Kh8 33. Kh1 Re6 34. Qh4 Qc2 35. Qe1 Bc3 36. Qf1 Qxa2 37. Rc1 Bg7 38. Qd1 Qd2 39. Qf1 b6 40. f4 f5 41. Rd1 Qb2 42. Rb1 Qf6 43. Qf3 Re4 44. h3 Rd4 45. Qc6 Re7 46. Qc8+ Kh7 47. Rb5 Qe6 48. Qc6 Rd2 49. Qf3 Qe4 50. Qh5 Rxe2 51. Qxe2 Qxf4 52. Rb1 Qf2 53. Qd3 e2 54. Re1 Qxe1+ 55. Kh2 0-1

[Event "Catalunya-chT"]
[Site "Catalunya"]
[Date "2014.02.15"]
[Round "4.2"]
[White "Masip Tressera, Oriol"]
[Black "Garcia Castellote, Oscar"]
[Result "1/2-1/2"]
[WhiteElo "2072"]
[BlackElo "2071"]
[PlyCount "214"]
[EventDate "2014.01.25"]
[EventType "team"]
[EventRounds "11"]
[EventCountry "ESP"]
[SourceTitle "EXT 2015"]
[Source "ChessBase"]
[SourceDate "2014.11.20"]
[SourceVersion "1"]
[SourceVersionDate "2014.11.20"]
[SourceQuality "1"]
[WhiteTeam "Foment Martinenc"]
[BlackTeam "Peona I Peo"]
[WhiteTeamCountry "ESP"]
[BlackTeamCountry "ESP"]

1. Nf3 Nf6 2. Nc3 d5 3. d3 c5 4. g3 Nc6 5. Bg2 d4 6. Ne4 Nxe4 7. dxe4 e5 8. 0-0 Be7 9. e3 0-0 10. exd4 cxd4 11. c3 dxc3 12. bxc3 Be6 13. Qe2 f6 14. Nh4 Qc8 15. Rb1 Rb8 16. Be3 Rd8 17. f4 b6 18. Nf5 Bf8 19. Rfd1 Qc7 20. Kh1 Kh8 21. a4 Na5 22. fxe5 fxe5 23. Bg5 Rxd1+ 24. Rxd1 Bb3 25. Re1 Bxa4 26. Ne3 h6 27. Nd5 Qc4 28. Qh5 Be8 29. Qh4 Kg8 30. Be7 Bf7 31. Bxf8 Rxf8 32. Ne7+ Kh7 33. Rf1 Nc6 34. Nxc6 Qxc6 35. Qe7 Qc5 36. Rxf7 Rxf7 37. Qxf7 Qxc3 38. Qf5+ Kh8 39. Qf8+ Kh7 40. Qf5+ Kh8 41. Bf3 b5 42. Bh5 Qc5 43. Qf7 Qc1+ 44. Kg2 Qc2+ 45. Kh3 Qxe4 46. Bg6 Qa8 47. Bf5 a5 48. Qg6 Qg8 49. Be6 Qd8 50. Bf5 Qg8 51. Be6 Qf8 52. Bf5 Qg8 53. g4 b4 54. g5 Qb3+ 55. Bd3 Qg8 56. gxh6 a4 57. hxg7+ Qxg7 58. Qe8+ Qg8 59. Qxe5+ Qg7 60. Qe8+ Qg8 61. Qh5+ Kg7 62. Qg4+ Kh8 63. Qh5+ Kg7 64. Qg5+ Kf8 65. Qc5+ Kg7 66. Qd4+ Kf8 67. Qxb4+ Kg7 68. Qd4+ Kf8 69. Qd6+ Kg7 70. Qe5+ Kf8 71. Qd6+ Kg7 72. Qd4+ Kf8 73. Qxa4 Qh8+ 74. Kg2 Qg8+ 75. Kh1 Qe6 76. Qf4+ Ke7 77. Be4 Qf6 78. Qc7+ Kf8 79. Qb8+ Ke7 80. Qb1 Qf4 81. Bg2 Kf6 82. Qe1 Qe5 83. Qd1 Qf4 84. Qd8+ Kg6 85. Qd3+ Kf6 86. Qc3+ Qe5 87. Qc6+ Qe6 88. Qc1 Qe5 89. Qh6+ Kf7 90. Qh7+ Kf8 91. Qb1 Ke7 92. Qg1 Kf6 93. Bf3 Qf4 94. Bg2 Qe5 95. h3 Qf4 96. Qe1 Qe5 97. Qf2+ Qf5 98. Qg3 Qe5 99. Qf2+ Qf5 100. Qg1 Qf4 101. Qb6+ Kg7 102. Qd8 Qc1+ 103. Kh2 Qf4+ 104. Kg1 Qe3+ 105. Kf1 Qf4+ 106. Ke2 Qe5+ 107. Kd3 Qg3+ 1/2-1/2

[Event "Catalunya-chT"]
[Site "Catalunya"]
[Date "2014.02.01"]
[Round "2.3"]
[White "Garcia Castellote, Oscar"]
[Black "Rechi Perez, Francesco"]
[Result "0-1"]
[WhiteElo "2071"]
[BlackElo "1934"]
[PlyCount "68"]
[EventDate "2014.01.25"]
[EventType "team"]
[EventRounds "11"]
[EventCountry "ESP"]
[SourceTitle "CBM 158 Extra"]
[Source "ChessBase"]
[SourceDate "2014.02.28"]
[SourceVersion "1"]
[SourceVersionDate "2014.02.28"]
[SourceQuality "1"]
[WhiteTeam "Peona I Peo"]
[BlackTeam "Andorra"]
[WhiteTeamCountry "ESP"]
[BlackTeamCountry "AND"]

1. e4 e6 2. d4 d5 3. Nc3 Bb4 4. e5 c5 5. Bd2 cxd4 6. Nb5 Be7 7. Qg4 g6 8. Nxd4 Nc6 9. Ngf3 Nxd4 10. Qxd4 Bd7 11. 0-0-0 Qc7 12. Bd3 f5 13. Bb4 Bxb4 14. Qxb4 Ne7 15. c3 Nc6 16. Qf4 0-0-0 17. h4 h6 18. Qe3 Kb8 19. Rde1 d4 20. Qd2 dxc3 21. Qxc3 Qb6 22. Re2 Nb4 23. Bc4 Rc8 24. Kb1 Rc7 25. Nd2 Rhc8 26. Rc1 Nd5 27. Qf3 Bb5 28. Qb3 Qa6 29. Ree1 Bxc4 30. Nxc4 Rxc4 31. Qg3 Nb4 32. a3 Rxc1+ 33. Rxc1 Qd3+ 34. Qxd3 Rxc1+ 0-1

[Event "Barcelona Sant Marti op-A 14th"]
[Site "Barcelona"]
[Date "2012.07.19"]
[Round "7"]
[White "Garcia Castellote, Oscar"]
[Black "Olive Oller, Guim"]
[Result "1-0"]
[WhiteElo "2088"]
[BlackElo "1850"]
[PlyCount "55"]
[EventDate "2012.07.13"]
[EventType "swiss"]
[EventRounds "9"]
[EventCountry "ESP"]
[SourceTitle "CBM 149 Extra"]
[Source "ChessBase"]
[SourceDate "2012.08.24"]
[SourceVersion "1"]
[SourceVersionDate "2012.08.24"]
[SourceQuality "1"]

1. e4 c5 2. d3 Nc6 3. g3 d6 4. Bg2 Nf6 5. f4 g6 6. Nf3 Qc7 7. Nc3 a6 8. 0-0 Bg7 9. h3 Rb8 10. g4 e6 11. f5 gxf5 12. exf5 exf5 13. g5 Nh5 14. Qe1+ Be5 15. Nd5 Qd8 16. Qh4 Ng7 17. Nf6+ Bxf6 18. gxf6 Ne6 19. Bh6 Nf8 20. Bg7 Rg8 21. Ng5 Be6 22. Nxe6 fxe6 23. Qh5+ Ng6 24. Qxh7 Kf7 25. Bh8+ Kf8 26. Bg7+ Kf7 27. Rxf5 Nce5 28. Bh6+ 1-0

[Event "La Pobla de Lillet op 21st"]
[Site "La Pobla de Lillet"]
[Date "2011.08.04"]
[Round "3"]
[White "Garcia Castellote, Oscar"]
[Black "Velicka, Petr"]
[Result "1/2-1/2"]
[WhiteElo "2094"]
[BlackElo "2461"]
[PlyCount "66"]
[EventDate "2011.08.02"]
[EventType "swiss"]
[EventRounds "9"]
[EventCountry "ESP"]
[SourceTitle "EXT 2015"]
[Source "ChessBase"]
[SourceDate "2014.11.20"]
[SourceVersion "1"]
[SourceVersionDate "2014.11.20"]
[SourceQuality "1"]

1. e4 c5 2. d3 Nc6 3. g3 d5 4. Nd2 Nf6 5. Bg2 Bg4 6. Ngf3 e6 7. 0-0 Be7 8. h3 Bh5 9. g4 Bg6 10. Nh4 dxe4 11. Nxg6 hxg6 12. dxe4 Nd7 13. f4 g5 14. Nc4 Nb6 15. Qxd8+ Rxd8 16. Nxb6 axb6 17. fxg5 Nd4 18. Rf2 e5 19. Be3 Ne6 20. Rf5 Bd6 21. Raf1 0-0 22. h4 g6 23. R5f2 Be7 24. Bf3 Nf4 25. Bxf4 exf4 26. Be2 Bd6 27. Bc4 Be5 28. c3 Kg7 29. Kg2 Rd7 30. Kf3 Rfd8 31. Bd5 b5 32. Rc2 b6 33. a3 Rc7 1/2-1/2

[Event "Barcelona Ideal Clave op 13th"]
[Site "Barcelona"]
[Date "2007.11.03"]
[Round "5.2"]
[White "Garcia Castellote, Oscar"]
[Black "Fernandez Garcia, Jesus"]
[Result "1-0"]
[WhiteElo "1957"]
[BlackElo "1822"]
[PlyCount "51"]
[EventDate "2007.09.29"]
[EventType "swiss"]
[EventRounds "8"]
[EventCountry "ESP"]
[SourceTitle "EXT 2024"]
[Source "ChessBase"]
[SourceDate "2023.10.10"]
[SourceVersion "1"]
[SourceVersionDate "2023.10.10"]
[SourceQuality "1"]

1. e4 c5 2. Nc3 Nc6 3. g3 d6 4. Bg2 Nf6 5. d3 g6 6. f4 Bg7 7. Nf3 Bg4 8. h3 Bxf3 9. Qxf3 Nd4 10. Qf2 Qb6 11. 0-0 h6 12. e5 Nh7 13. exd6 e6 14. d7+ Kxd7 15. Rb1 Kc7 16. Be3 Rad8 17. Ne2 Bf8 18. b4 Nxe2+ 19. Qxe2 Qa6 20. bxc5 Rb8 21. Bd4 f6 22. Be5+ fxe5 23. Qxe5+ Kd7 24. c6+ bxc6 25. Rxb8 Bd6 26. Qg7+ 1-0